Szczegóły MARC21

Na scenach jezuickich w dawnej Polsce : (rodzimość i europejskość) /

003 -Nazwa inst., której nr kontr. jest w polu 001 [,]
    • @
    • Nazwa instytucji, której n kontrolny jest w polu 001
    • NUKAT
005 -DATA I CZAS OSTATNIEJ MODYFIKACJI [,]
    • @
    • pole kontrolne
    • 20260422094653.0
020 -Międzynarod. znormalizowany nr książki - ISBN [ , ]
    • a
    • Numer ISBN
    • 8371813899 Find
    • q
    • Dopowiedzenie
    • Wydawnictwo DiG
020 -Międzynarod. znormalizowany nr książki - ISBN [ , ]
    • a
    • Numer ISBN
    • 9788371813894 Find
    • q
    • Dopowiedzenie
    • Wydawnictwo DiG
020 -Międzynarod. znormalizowany nr książki - ISBN [ , ]
    • a
    • Numer ISBN
    • 8392018087 Find
    • q
    • Dopowiedzenie
    • OBTA UW
020 -Międzynarod. znormalizowany nr książki - ISBN [ , ]
    • a
    • Numer ISBN
    • 9788392018087 Find
    • q
    • Dopowiedzenie
    • OBTA UW
040 -Instytucja sporządzająca opis [ , ]
    • a
    • Instytucja, która sporządziła opis (NP)
    • WA U/76SSK
    • c
    • Instytucja, która sporządziła rekord (NP)
    • WA U/SSK
    • d
    • Instytucja, która zmodyfikowała rekord (P)
    • WA U/76JM
    • d
    • Instytucja, która zmodyfikowała rekord (P)
    • KR 295/MAGs
942 -Rodzaj dokumentu [ , ]
    • c
    • Rodzaj dokumentu
    • Książka
100 -Hasło główne - nazwa osobowa [1, ]
    • a
    • Nazwa osobowa (NP)
    • Okoń, Jan
    • d
    • Daty biograficzne (NP)
    • (1940- ).
    • 9
    • KHW
    • 15421
245 -Strefa tytułu i oznaczenia odpowiedzialności [1,0]
    • a
    • Tytuł
    • Na scenach jezuickich w dawnej Polsce : Find
    • b
    • Ciąg dalszy tytułu (NP)
    • (rodzimość i europejskość) / Find
    • c
    • Pozostałe elementy strefy tytułu i oznaczenia odpowiedzialności (NP)
    • Jan Okoń.
260 -Strefa adresu wydawniczego [ , ]
    • a
    • Miejsce wydania (P)
    • Warszawa :
    • b
    • Nazwa wydawcy (P)
    • Wydawnictwo DiG :
    • b
    • Nazwa wydawcy (P)
    • Ośrodek Badań nad Tradycją Antyczną w Polsce i w Europie Środkowowschodniej Uniwersytet Warszawski,
    • c
    • Data wydania (P)
    • 2006.
300 -Strefa opisu fizycznego [ , ]
    • a
    • Określenie formy książki i/lub objętość (NP)
    • 247, [1] s. :
    • b
    • Oznaczenie ilustracji (NP)
    • il. ;
    • c
    • Format (NP)
    • 25 cm.
336 -Typ zawartości [ , ]
    • a
    • Termin opisujący typ zawartości
    • Tekst
    • b
    • Kod określający zawartość
    • txt
    • 2
    • Źródło (terminu i kodu)
    • rdacontent
337 -Typ mediów [ , ]
    • a
    • Tryb odtwarzania
    • Bez urządzenia pośredniczącego
    • b
    • Kod typu mediów
    • n
    • 2
    • Źródło (terminu i kodu)
    • rdamedia
338 -Typ/rodzaj nośnika [ , ]
    • a
    • Hasło opisujące typ nośnika
    • Wolumin
    • b
    • Kod typu nośnika
    • nc
    • 2
    • Źródło (terminu i kodu)
    • rdacarrier
380 -Deskryptor - Forma dzieła (P) [ , ]
    • a
    • forma dzieła (NP)
    • Książki
490 -Strefa serii i książki wielotomowej - forma nie do wyszukiwania [1, ]
    • a
    • Tytuł (P)
    • Eseje i Studia / Uniwersytet Warszawski. Ośrodek Badań nad Tradycją Antyczną w Polsce i w Europie Środkowowschodniej ; Find
    • v
    • Numeracja (P)
    • t. 7
830 -Hasło dodatkowe serii i opisu książki wielotomowej - tytuł ujednolicony/tytuł [ ,0]
    • a
    • Tytuł ujednolicony/tytuł (NP)
    • Eseje i Studia - Uniwersytet Warszawski. Ośrodek Badań nad Tradycją Antyczną w Polsce i w Europie Środkowo-Wschodniej
    • x
    • ISSN
    • 1427-4450
    • v
    • Oznaczenie tomu (NP)
    • t. 7
    • 9
    • KHW
    • 15423
504 -Uwaga dot. bibliogr. załącznikowej [ , ]
    • a
    • Uwaga dot. bibliografii załącznikowej
    • Bibliogr. s. 223-228. Indeks.
080 -Uniwersalna Klasyfikacja Dziesiętna [ , ]
    • 2
    • Identyfikator wydania tablic
    • UDC-P058
    • 9
    • UKD
    • 47437
    • a
    • Symbol klasyfikacji
    • 792(438)(091)
    • b
    • Dopowiedzenie
    • Historia teatru polskiego.
    • 4
    • UKD2
    • 8496
    • x
    • Poddział wspólny
    • "15/16"
    • c
    • Dopowiedzenie poddz. wspólnego
    • Wiek XVI/XVII.
648 -Hasło przedmiotowe - chronologia [ ,7]
    • a
    • Deskryptor chronologiczny
    • 1501-1600
    • 2
    • Źródło terminu
    • DBN
    • 9
    • KHW
    • 720979
648 -Hasło przedmiotowe - chronologia [ ,7]
    • a
    • Deskryptor chronologiczny
    • 1601-1700
    • 2
    • Źródło terminu
    • DBN
    • 9
    • KHW
    • 720980
650 -Hasło przedmiotowe [ ,7]
    • a
    • Hasło przedmiotowe
    • Dramat (gatunek literacki)
    • 2
    • Źródło terminu
    • DBN
    • 9
    • KHW
    • 728113
650 -Hasło przedmiotowe [ ,7]
    • a
    • Hasło przedmiotowe
    • Literatura polska
    • 2
    • Źródło terminu
    • DBN
    • 9
    • KHW
    • 721203
650 -Hasło przedmiotowe [ ,7]
    • a
    • Hasło przedmiotowe
    • Teatr jezuicki
    • 2
    • Źródło terminu
    • DBN
650 -Hasło przedmiotowe [ ,7]
    • a
    • Hasło przedmiotowe
    • Teatr jezuicki
    • z
    • Określnik geograficzny
    • Polska
    • y
    • Określnik chronologiczny
    • 16 w.
    • 2
    • Źródło terminu
    • kaba
    • 9
    • KHW
    • 651174
650 -Hasło przedmiotowe [ ,7]
    • a
    • Hasło przedmiotowe
    • Teatr jezuicki
    • z
    • Określnik geograficzny
    • Polska
    • y
    • Określnik chronologiczny
    • 17 w.
    • 2
    • Źródło terminu
    • kaba
    • 9
    • KHW
    • 537558
651 -Hasło przedmiotowe w formie nazwy geograficznej [ ,7]
    • a
    • Nazwa geograficzna
    • Polska
    • 2
    • Źródło terminu
    • DBN
    • 9
    • KHW
    • 721438
658 -Ujęcie treści [ , ]
    • a
    • dziedzina nauki i sztuki/ sfera aktywności życiowej
    • Historia
658 -Ujęcie treści [ , ]
    • a
    • dziedzina nauki i sztuki/ sfera aktywności życiowej
    • Kultura i sztuka
658 -Ujęcie treści [ , ]
    • a
    • dziedzina nauki i sztuki/ sfera aktywności życiowej
    • Literaturoznawstwo
980 -Symbol UKD [ , ]
    • a
    • UKD
    • 792(438)(091)"15/16"
710 -Hasło dodatkowe - nazwa ciała zbiorowego [2, ]
    • a
    • Nazwa ciała zbiorowego lub nazwa geograficzna jako pierwszy element (NP)
    • Wydawnictwo DiG.
    • 4
    • Kod relacji
    • pbl
    • 9
    • KHW
    • 59902
920 -ISBN [ , ]
    • a
    • ISBN
    • 83-7181-389-9 Find
    • q
    • Dopowiedzenie
    • Wydawnictwo DiG
920 -ISBN [ , ]
    • a
    • ISBN
    • 978-83-7181-389-4 Find
    • q
    • Dopowiedzenie
    • Wydawnictwo DiG
920 -ISBN [ , ]
    • a
    • ISBN
    • 83-920180-8-7 Find
    • q
    • Dopowiedzenie
    • OBTA UW
920 -ISBN [ , ]
    • a
    • ISBN
    • 978-83-920180-8-7 Find
    • q
    • Dopowiedzenie
    • OBTA UW
Numer inwentarzowy Sygnatura Status udost. Lokalizacja Data inwentaryzacji
P.22243POL. Teatr - Polska 191BM2010-06-07